Poesía

Gespeichert in:
Bibliographische Detailangaben
1. Verfasser: Gorostiza, José
Format: Buch
Sprache:Undetermined
Veröffentlicht: México, Distrito Federal Fondo de Cultura Económica 1992
Schlagworte:
Tags: Tag hinzufügen
Keine Tags, Fügen Sie den ersten Tag hinzu!

MARC

LEADER 00000nam a2200000Ia 4500
008 170316s9999 xx 000 0 und d
040 |a cru BVZT 
090 |a 860 G-28p 
100 |a Gorostiza, José 
245 |a Poesía 
260 |a México, Distrito Federal 
260 |b Fondo de Cultura Económica 
260 |c 1992 
300 |a 149 páginas 
650 |a LITERATURA LATINOAMERICANA 
999 |c 8754  |d 8754 
942 |c 15 D  |h 860 G-28p  |2 z